Precedents in English Law (Record no. 232260)
[ view plain ]
| 000 -LEADER | |
|---|---|
| fixed length control field | 00714nam a22002537a 4500 |
| 005 - DATE AND TIME OF LATEST TRANSACTION | |
| control field | 20241207092210.0 |
| 008 - FIXED-LENGTH DATA ELEMENTS--GENERAL INFORMATION | |
| fixed length control field | 241207b ||||| |||| 00| 0 eng d |
| 020 ## - INTERNATIONAL STANDARD BOOK NUMBER | |
| International Standard Book Number | 9780198877202 |
| 040 ## - CATALOGING SOURCE | |
| Transcribing agency | AL |
| 041 ## - LANGUAGE CODE | |
| Language code of text/sound track or separate title | English |
| 082 ## - DEWEY DECIMAL CLASSIFICATION NUMBER | |
| Edition number | 23 |
| Classification number | 349.42 |
| Item number | CROP |
| 100 ## - MAIN ENTRY--PERSONAL NAME | |
| Personal name | Rupert Cross and others |
| 100 ## - MAIN ENTRY--PERSONAL NAME | |
| 9 (RLIN) | 188521 |
| 245 ## - TITLE STATEMENT | |
| Title | Precedents in English Law |
| 250 ## - EDITION STATEMENT | |
| Edition statement | 4. |
| 260 ## - PUBLICATION, DISTRIBUTION, ETC. | |
| Place of publication, distribution, etc. | UK |
| Name of publisher, distributor, etc. | Oxford University Press |
| Date of publication, distribution, etc. | 1991 |
| 300 ## - PHYSICAL DESCRIPTION | |
| Extent | viii,246 p. |
| Other physical details | PB |
| Dimensions | 21x14 cm. |
| 365 ## - TRADE PRICE | |
| Price type code | 1060 |
| Price amount | ₹547.50 |
| Currency code | ₹ |
| Unit of pricing | ₹750.00 |
| 440 ## - SERIES STATEMENT/ADDED ENTRY--TITLE | |
| Title | Clarendon Law Series |
| 9 (RLIN) | 188522 |
| 650 ## - SUBJECT ADDED ENTRY--TOPICAL TERM | |
| Topical term or geographic name entry element | General Law |
| 9 (RLIN) | 188523 |
| 650 ## - SUBJECT ADDED ENTRY--TOPICAL TERM | |
| Topical term or geographic name entry element | English Law |
| 9 (RLIN) | 188524 |
| 700 ## - ADDED ENTRY--PERSONAL NAME | |
| Personal name | CROSS (Rupert) |
| 9 (RLIN) | 188525 |
| 700 ## - ADDED ENTRY--PERSONAL NAME | |
| Personal name | HARRIS (J W) |
| 9 (RLIN) | 188526 |
| 942 ## - ADDED ENTRY ELEMENTS (KOHA) | |
| Source of classification or shelving scheme | Dewey Decimal Classification |
| Koha item type | Book |
| Withdrawn status | Lost status | Source of classification or shelving scheme | Damaged status | Not for loan | Collection code | Home library | Current library | Date acquired | Source of acquisition | Cost, normal purchase price | Total Checkouts | Full call number | Barcode | Date last seen | Cost, replacement price | Price effective from | Koha item type |
|---|---|---|---|---|---|---|---|---|---|---|---|---|---|---|---|---|---|
| Dewey Decimal Classification | Law | St Aloysius Law Library | St Aloysius Law Library | 12/05/2024 | MPP House,Bengaluru | 547.50 | 349.42 CROP | LL000895 | 12/07/2024 | 750.00 | 12/07/2024 | Book | |||||
| Dewey Decimal Classification | Law | St Aloysius Law Library | St Aloysius Law Library | 12/05/2024 | MPP House,Bengaluru | 547.50 | 349.42 CROP | LL000896 | 12/07/2024 | 750.00 | 12/07/2024 | Book | |||||
| Dewey Decimal Classification | Law | St Aloysius Law Library | St Aloysius Law Library | 12/05/2024 | MPP House,Bengaluru | 547.50 | 349.42 CROP | LL000897 | 12/07/2024 | 750.00 | 12/07/2024 | Book | |||||
| Dewey Decimal Classification | Law | St Aloysius Law Library | St Aloysius Law Library | 12/05/2024 | MPP House,Bengaluru | 547.50 | 349.42 CROP | LL000898 | 12/07/2024 | 750.00 | 12/07/2024 | Book | |||||
| Dewey Decimal Classification | Law | St Aloysius Law Library | St Aloysius Law Library | 12/05/2024 | MPP House,Bengaluru | 547.50 | 349.42 CROP | LL000899 | 12/07/2024 | 750.00 | 12/07/2024 | Book |